000 00405pab a2200169 454500
008 180718b2006 xxu||||| |||| 00| 0 eng d
100 _aDesai, Bhupat M.
245 _aInvestment credit to agriculture
260 _c2006
300 _ap.693-96.
362 _a25 Feb
650 _aCredit
650 _aInvestment
650 _aAgriculture
773 _aEconomic and Political Weekly
909 _a69018
999 _c69018
_d69018